Reglamento para la circulación de vehículos de motor mecánico por las vías públicas de España
Descripción Física:
32 p. ; 15 cm
MARC
| LEADER | 00000nam a2200000Ia 4500 | ||
|---|---|---|---|
| 001 | 11945 | ||
| 008 | 160829s1918 xx 000 0 cat d | ||
| 080 | |a RF-4-8 | ||
| 100 | |a Espanya. Lleis, etc. |9 23269 | ||
| 245 | |a Reglamento para la circulación de vehículos de motor mecánico por las vías públicas de España | ||
| 260 | |a Barcelona : |b (Imp. J. Vidal), |c 1918 | ||
| 300 | |a 32 p. ; |c 15 cm | ||
| 590 | |a Auto-Moto, suplemento no 1, septiembre 1918. | ||
| 590 | |a Prové de OPP-3724. | ||
| 590 | |a Hi ha un duplicat a: DUP-186-40 | ||
| 650 | |a Circulació |x Dret i legislació |x Espanya |9 48808 | ||
| 856 | 4 | |u https://media.diba.cat/diba/fitxers/arxiu/fulletons/bib_11945_1918_baixa.pdf |y Accés lliure | |
| 856 | 4 | |u https://media.diba.cat/diba/fitxers/arxiu/fulletons/bib_11945_1918_baixa.pdf |y Accés lliure | |
| 901 | |a Arxiu | ||
| 942 | |n 1 |2 udc | ||
| 952 | |0 0 |1 0 |4 0 |6 RF48 |7 1 |9 54878 |a Arxiu |b Arxiu |d 2016-12-01 |l 0 |o RF-4-8 |p 11945 |r 2016-12-01 00:00:00 |w 2016-12-01 |y ARXIU | ||
| 999 | |c 58748 |d 58748 | ||
| 900 | |a bib_11945_1918_baixa.pdf | ||